000 00510nam a2200217Ia 4500
003 OSt
005 20220924134338.0
006 a|||||r|||| 00| 0
007 ta
008 220923b |||||||| |||| 00| 0 snd d
024 _a273627
037 _cTextual
040 _aARTS
_cARTS
_bsnd
041 _2snd
_asnd
082 _aQ1:9, 1593H1
100 _aVerma
_9208398
245 0 _aVedic Bamgulu
260 _c1941
942 _hQ1:9, 1593H1
_cTEXL
_2CC
999 _c437131
_d437131